000 00648nam a2200265Ia 4500
005 20260306163955.0
008 008 260114s9999 xx 000 0 eng d
020 _a9780226521152
037 _aEBOOK
040 _aCRL
040 _beng
040 _cCRL
041 _2eng
041 _aeng
084 _qCRL
100 _aSchoenfeld
_91129736
245 0 _aBuilding The Prison State: Race And The Politics Of Mass Incarceration
260 _bUniversity of Chicago Press
260 _c2019
650 _aLaw
856 _uhttps://academic.oup.com/book/35814
942 _cEBOOK
999 _c1712243
_d1712243